[Event "St Petersburg Korchnoi Memorial op"]
[Site "St Petersburg"]
[Date "2024.08.18"]
[Round "4"]
[White "Emelyanov, Evgeny Alex"]
[Black "Afonasieva, Anna"]
[Result "0-1"]
[WhiteElo "1915"]
[BlackElo "2148"]
[PlyCount "128"]
[EventDate "2024.08.17"]
[EventType "swiss"]
[EventRounds "9"]
[EventCountry "RUS"]
[SourceTitle "CBM 221 Extra"]
[Source "ChessBase"]
[SourceDate "2024.09.30"]
[SourceVersion "1"]
[SourceVersionDate "2024.09.30"]
[SourceQuality "1"]

1. Nf3 g6 2. g3 Bg7 3. d4 Nf6 4. Bg2 0-0 5. c4 d6 6. 0-0 Bf5 7. Nc3 Ne4 8. Bd2 Nxd2 9. Qxd2 Qc8 10. e4 Bg4 11. Rfe1 Nc6 12. e5 dxe5 13. Nxe5 Nxe5 14. dxe5 c6 15. Qf4 Qf5 16. Qxf5 Bxf5 17. Rad1 Rad8 18. f4 h5 19. Ne4 Bg4 20. Rxd8 Rxd8 21. h3 Bf5 22. Kf2 a5 23. Ke3 f6 24. exf6 exf6 25. Kf2 Kf7 26. Nc5 Bc8 27. f5 gxf5 28. Bf3 Rh8 29. Nd3 h4 30. Nf4 hxg3+ 31. Kxg3 Bf8 32. Bh5+ Kg7 33. Kf3 Bc5 34. Be8 Kh6 35. h4 Bd4 36. Re7 Bxb2 37. Bg6 Be5 38. h5 b5 39. cxb5 cxb5 40. Nd3 Bd6 41. Rf7 Kg5 42. Rg7 Kh6 43. Rf7 Rd8 44. Nf2 Be5 45. Rh7+ Kg5 46. Rg7 Rd7 47. Nh3+ Kh6 48. Rg8 Rd3+ 49. Ke2 Rxh3 50. Rxc8 Rh2+ 51. Kf3 Rxa2 52. Rh8+ Kg5 53. Rg8 Ra3+ 54. Ke2 b4 55. Bf7+ Kf4 56. h6 Rh3 57. Rh8 b3 58. h7 b2 59. Ba2 Rh2+ 60. Kd3 Kf3 61. Kc4 Ke3 62. Bb1 Rh4+ 63. Kb3 Rh1 64. Ka2 Kf4 0-1